Simplified principles for breeding sheep /

Bibliographic Details
Main Author: Fahmy, M. H.
Corporate Author: Canada. Agriculture and Agri-Food Canada
Format: Government Document Book
Language:English
Published: Ottawa : Agriculture and Agri-Food Canada, [1994]
Series:Publication (Canada. Agriculture and Agri-Food Canada) ; 1903/E.
Subjects:

MARC

Tag First Indicator Second Indicator Subfields
LEADER 00000cam a22000007a 4500
001 in00001180997
005 20151002051322.0
008 940513s1994 onca f000 0 eng d
010 |a cn 94701035  
015 |a C94-701035-1 
020 |a 0662221184 
035 |a (OCoLC)30668183 
035 |9 AGH2933AM 
040 |a NLC  |b eng  |c NLC  |d TXA  |d UtOrBLW 
049 |a TXAM 
055 0 0 |a COP.CA.2.1994-1088 
082 1 |a 636.3  |2 12 
086 1 |a DSS Cat. no. A53-1903/1994E 
090 |a S133  |b .A346 no.1903/E 
100 1 |a Fahmy, M. H. 
245 1 0 |a Simplified principles for breeding sheep /  |c M.H. Fahmy. 
264 1 |a Ottawa :  |b Agriculture and Agri-Food Canada,  |c [1994] 
264 4 |c ©1994 
300 |a 34 pages ;  |c 23 cm. 
336 |a text  |b txt  |2 rdacontent 
337 |a unmediated  |b n  |2 rdamedia 
338 |a volume  |b nc  |2 rdacarrier 
490 1 |a Publication ;  |v 1903/E 
500 |a Issued also in French under title: Rudiments de l'amélioration génétique des ovins. 
650 0 |a Sheep  |x Breeding. 
710 1 |a Canada.  |b Agriculture and Agri-Food Canada. 
830 0 |a Publication (Canada. Agriculture and Agri-Food Canada) ;  |v 1903/E. 
999 |a MARS 
999 f f |s 7ac0fb9d-9e4b-33db-9d83-530055523cfb  |i 46d18c5a-8696-38bc-9572-c145e57ea596  |t 0 
952 f f |p ric  |a Texas A&M University  |b Rellis Campus  |c Joint Library Facility  |d Remote Storage  |t 0  |e S133 .A346 no.1903/E  |h Library of Congress classification  |i unmediated -- volume  |m A14818361336 
998 f f |a S133 .A346 no.1903/E  |t 0  |l Remote Storage